International 06 /
Salvato in:
| Ente Autore: | |
|---|---|
| Altri autori: | |
| Natura: | Atti del Convegno Libro |
| Lingua: | English |
| Pubblicazione: |
Liverpool :
Liverpool Biennial of Contemporary Art,
2006.
|
| Soggetti: | |
| Tags: |
Aggiungi Tag
Nessun Tag, puoi essere il primo ad aggiungerne!!
|
MARC
| LEADER | 00000cam a22000007a 4500 | ||
|---|---|---|---|
| 001 | 14697040 | ||
| 005 | 20231013142540.0 | ||
| 008 | 070111s2006 enka c 000 0 eng d | ||
| 020 | |a 0953676110 | ||
| 020 | |a 9780953676118 | ||
| 040 | |a EUN |c EUN |d YDXCP |d UAT |d DLC |d CRU CIICLA | ||
| 041 | |a eng | ||
| 082 | 0 | 4 | |a 709.04 |b I-61-i |
| 111 | 1 | |a Liverpool Biennial of Contemporary Art |n (4th : |d 2006) | |
| 245 | 1 | 0 | |a International 06 / |c [editor, Paul Domela]. |
| 260 | |a Liverpool : |b Liverpool Biennial of Contemporary Art, |c 2006. | ||
| 300 | |a 197 páginas: |b ilustraciones (algunas a color) |c 28 cm. | ||
| 500 | |a Publicado para acompañar la exposición internacional de la cuarta Bienal de Liverpool de Arte Contemporáneo que tuvo lugar en varios lugares alrededor de Liverpool, 16 septiembre-26 noviembre 2006 . | ||
| 611 | 2 | 4 | |a LIVERPOOL BIENNIAL OF CONTEMPORARY ART |n (4th : |d 2006) |v CATALOGO |
| 650 | 1 | 4 | |a ARTE MODERNO |y SIGLO XXI |v CATALOGO |
| 700 | 1 | |a Domela, Paul | |
| 942 | |2 ddc |c REF | ||
| 999 | |c 4267 |d 4267 | ||



